000 00419nam a2200157Ia 4500
008 210716s2003 xx 000 0 und d
020 _a8176567248
041 _aeng
082 _a005.2766 PETE
100 _aPetroutsos, Evangelos;Ridgeway, Mark.
245 _aVisual basic .net developers handbook.
250 _a1
260 _aNew Delhi
_bBPB Publications
_c2003
300 _axxiii,980
650 _aVisual Basic
999 _c185931
_d185931